| 000 | 00681nam a2200169 a 4500 | ||
|---|---|---|---|
| 008 | 120416s2002 ||||||||||||||||| || u | ||
| 020 | _a0393322793 | ||
| 050 | _aQH 541.15.M64 Sta | ||
| 100 | _aStarke, Linda | ||
| 245 | 1 | 0 |
_aState of the world 2002: a world watch institute report on progress towards a sustainable society _cLinda Starke; [and others] |
| 260 |
_aNew York: _bW.W Norton and Company _c2002 |
||
| 300 | _axxii, 265p. : ill. | ||
| 350 | _a0.00 | ||
| 650 | _aENVIRONMENT | ||
| 650 | _aWORLD GEOGRAPHY | ||
| 995 |
_D0.00 _FCBU-MAIN LIBRARY (Kitwe) _H1 _I34.95 _M1 _UAVAILABLE _ZMain Library Open Access Collection |
||
| 999 |
_c58226 _d58226 |
||